[Event "MCR mladeze v rapidu 2019"]
[Site "Trest"]
[Date "2019.09.08"]
[Round "7"]
[White "Chernyy, Andrey"]
[Black "Jasso, Matej"]
[Result "0-1"]
[BlackElo "1553"]
[WhiteElo "1432"]
[LiveChessVersion "1.4.8"]

1. d4 d5 2. c4 e6 3. Nc3 Nf6 4. Nf3 c5 5. e3 Nc6 6. Be2 Be7 7. O-O O-O 8. h3 b6
9. Re1 Bb7 10. b3 cxd4 11. exd4 Bb4 12. Bb2 Rc8 13. a3 Bd6 14. cxd5 exd5 15. Rc1
Bb8 16. Bb5 a6 17. Bxc6 Bxc6 18. Qd3 Bb7 19. Ne2 Qd7 20. Ne5 Bxe5 21. dxe5 Ne4
22. Ng3 Nc5 23. Qd1 Qb5 24. b4 Nd3 25. Rxc8 Rxc8 26. Re2 Nxb2 27. Rxb2 d4 28. Nf5
Qxe5 29. Ng3 Qd5 30. f3 d3 31. Rd2 Rc3 32. Qe1 Qd8 33. Qe3 Rxa3 34. Ne4 Bxe4 35.
Qxe4 h6 36. Qe1 Rc3 37. Qe3 Rc1+ 38. Kh2 Qd6+ 39. f4 Rc3 40. Qe8+ Qf8 41. Qe3 Qd8
42. Rd1 b5 43. Rd2 Qd5 44. Qe8+ Kh7 45. Qe3 Qc4 46. Qe7 Qxf4+ 47. g3 Qxd2+ 48.
Kh1 Rc1+ 0-1

[Event "MCR mladeze v rapidu 2019"]
[Site "Trest"]
[Date "2019.09.08"]
[Round "7"]
[White "Buchtova, Viktorie"]
[Black "Barteckova, Valerie"]
[Result "1-0"]
[BlackElo "1282"]
[WhiteElo "1325"]
[LiveChessVersion "1.4.8"]

1. e4 {[%clk 0:20:08]} e5 {[%clk 0:20:08]} 2. Nf3 {[%clk 0:20:11]} Nc6
{[%clk 0:20:10]} 3. d4 {[%clk 0:20:14]} exd4 {[%clk 0:20:13]} 4. Nxd4
{[%clk 0:20:17]} Be7 {[%clk 0:20:14]} 5. Nc3 {[%clk 0:20:18]} d6 {[%clk 0:20:14]}
6. Bb5 {[%clk 0:20:26]} Bd7 {[%clk 0:20:15]} 7. O-O {[%clk 0:20:27]} Nf6
{[%clk 0:20:10]} 8. Bg5 {[%clk 0:20:28]} O-O {[%clk 0:20:00]} 9. Re1
{[%clk 0:20:06]} h6 {[%clk 0:19:30]} 10. Bh4 {[%clk 0:20:05]} a6 {[%clk 0:19:30]}
11. Ba4 {[%clk 0:20:04]} Re8 {[%clk 0:19:15]} 12. Qf3 {[%clk 0:19:23]} Nxd4
{[%clk 0:18:38]} 13. Qd3 {[%clk 0:18:32]} Nc6 {[%clk 0:18:14]} 14. Bb3
{[%clk 0:18:15]} Ne5 15. Qd1 {[%clk 0:15:50]} Ng6 {[%clk 0:17:43]} 16. Bg3
{[%clk 0:15:51]} Bf8 {[%clk 0:17:28]} 17. Qd4 {[%clk 0:14:20]} Nh5
{[%clk 0:15:15]} 18. Qd5 {[%clk 0:13:22]} Be6 {[%clk 0:15:13]} 19. Qxh5
{[%clk 0:13:23]} Bxb3 {[%clk 0:15:06]} 20. axb3 {[%clk 0:13:19]} Qe7
{[%clk 0:15:06]} 21. Nd5 {[%clk 0:12:51]} Qd7 {[%clk 0:14:46]} 22. Rad1
{[%clk 0:10:45]} Qc6 {[%clk 0:14:03]} 23. c3 {[%clk 0:09:29]} Re6
{[%clk 0:13:29]} 24. f4 {[%clk 0:08:39]} Ree8 {[%clk 0:11:49]} 25. Kh1
{[%clk 0:07:50]} Qd7 {[%clk 0:11:36]} 26. Rd4 {[%clk 0:07:09]} Qd8
{[%clk 0:10:30]} 27. e5 {[%clk 0:06:01]} Kh7 {[%clk 0:08:16]} 28. c4
{[%clk 0:04:44]} Ne7 {[%clk 0:07:23]} 29. exd6 {[%clk 0:03:36]} cxd6
{[%clk 0:07:03]} 30. c5 {[%clk 0:03:08]} Nxd5 {[%clk 0:06:01]} 31. Rxe8
{[%clk 0:02:38]} Qxe8 {[%clk 0:05:59]} 32. Qxd5 {[%clk 0:02:21]} dxc5
{[%clk 0:05:54]} 33. Re4 {[%clk 0:01:58]} Qc6 {[%clk 0:04:42]} 34. Qd3
{[%clk 0:01:41]} Kg8 {[%clk 0:04:18]} 35. f5 {[%clk 0:01:17]} Rc8
{[%clk 0:03:09]} 36. Rg4 {[%clk 0:00:52]} b6 {[%clk 0:02:51]} 37. Qxa6
{[%clk 0:00:28]} Rc7 {[%clk 0:02:17]} 38. Qe2 {[%clk 0:00:23]} Qf6
{[%clk 0:02:11]} 39. Qc2 {[%clk 0:00:24]} Re7 {[%clk 0:01:53]} 40. h3
{[%clk 0:00:23]} h5 {[%clk 0:01:40]} 41. Bh4 {[%clk 0:00:17]} Qh6
{[%clk 0:00:47]} 42. Bxe7 {[%clk 0:00:12]} hxg4 {[%clk 0:00:50]} 43. Bxf8
{[%clk 0:00:09]} Kxf8 {[%clk 0:00:52]} 44. Qd3 {[%clk 0:00:07]} gxh3
{[%clk 0:00:55]} 45. Qd8# {[%clk 0:00:10]} 1-0

[Event "MCR mladeze v rapidu 2019"]
[Site "Trest"]
[Date "2019.09.08"]
[Round "7"]
[White "Hladka, Leontyna"]
[Black "Horkova, Tereza"]
[Result "0-1"]
[BlackElo "1289"]
[WhiteElo "1232"]
[LiveChessVersion "1.4.8"]

1. e4 {[%clk 0:20:09]} e5 {[%clk 0:20:09]} 2. Nf3 {[%clk 0:20:12]} Nc6
{[%clk 0:20:13]} 3. d4 {[%clk 0:20:15]} exd4 {[%clk 0:20:17]} 4. Nxd4
{[%clk 0:20:18]} Nf6 {[%clk 0:20:20]} 5. Nc3 {[%clk 0:20:20]} Bb4
{[%clk 0:20:23]} 6. Nxc6 {[%clk 0:20:17]} bxc6 {[%clk 0:20:15]} 7. Bd3
{[%clk 0:20:15]} d5 {[%clk 0:20:09]} 8. exd5 {[%clk 0:20:17]} cxd5
{[%clk 0:20:12]} 9. O-O {[%clk 0:20:17]} O-O {[%clk 0:20:14]} 10. Bg5
{[%clk 0:20:19]} c6 {[%clk 0:19:44]} 11. Na4 {[%clk 0:20:05]} Re8
{[%clk 0:18:56]} 12. c4 {[%clk 0:19:39]} dxc4 {[%clk 0:17:04]} 13. Bxc4
{[%clk 0:19:29]} Qxd1 {[%clk 0:16:37]} 14. Raxd1 {[%clk 0:19:05]} Ne4
{[%clk 0:15:51]} 15. Be3 {[%clk 0:17:05]} Bf5 {[%clk 0:14:32]} 16. f3
{[%clk 0:14:41]} Nf6 {[%clk 0:13:50]} 17. Bf2 {[%clk 0:13:00]} Bc2
{[%clk 0:13:23]} 18. Rd4 {[%clk 0:10:58]} Bxa4 {[%clk 0:12:18]} 19. Bd3
{[%clk 0:09:34]} c5 {[%clk 0:11:37]} 20. Rh4 {[%clk 0:08:09]} Rad8
{[%clk 0:10:58]} 21. Bf5 {[%clk 0:07:08]} Bb5 {[%clk 0:10:04]} 22. Rc1
{[%clk 0:06:31]} Rd5 {[%clk 0:09:21]} 23. Be4 {[%clk 0:05:07]} Nxe4
{[%clk 0:08:53]} 24. fxe4 {[%clk 0:04:26]} Rde5 {[%clk 0:08:26]} 25. a3
{[%clk 0:03:57]} Bd2 {[%clk 0:07:56]} 26. Rxc5 {[%clk 0:02:45]} Rxc5
{[%clk 0:07:56]} 27. Bxc5 {[%clk 0:02:47]} a6 {[%clk 0:07:27]} 28. Bd6
{[%clk 0:01:26]} Be3+ {[%clk 0:07:17]} 29. Kh1 {[%clk 0:01:20]} Rd8
{[%clk 0:07:20]} 30. e5 {[%clk 0:01:14]} Rc8 {[%clk 0:07:05]} 31. h3
{[%clk 0:00:35]} g5 {[%clk 0:06:43]} 32. Re4 {[%clk 0:00:31]} Bf4
{[%clk 0:06:38]} 33. Re1 {[%clk 0:00:32]} Rc2 34. b4 {[%clk 0:00:21]} Rc1
{[%clk 0:05:47]} 35. Rxc1 {[%clk 0:00:23]} Bxc1 {[%clk 0:05:51]} 36. Kh2
{[%clk 0:00:22]} Kg7 {[%clk 0:05:49]} 37. Kg3 {[%clk 0:00:19]} Kg6
{[%clk 0:05:39]} 38. Kg4 {[%clk 0:00:20]} h5+ {[%clk 0:05:42]} 39. Kf3
{[%clk 0:00:21]} Kf5 {[%clk 0:05:41]} 40. g3 {[%clk 0:00:15]} Bc6+
{[%clk 0:05:38]} 41. Kf2 {[%clk 0:00:15]} Bxa3 {[%clk 0:05:39]} 42. Ke2
{[%clk 0:00:13]} Bb2 {[%clk 0:05:35]} 43. Ke3 {[%clk 0:00:14]} Bxe5
{[%clk 0:05:32]} 44. Bxe5 {[%clk 0:00:16]} Kxe5 {[%clk 0:05:35]} 45. Kd3
{[%clk 0:00:17]} Bb5+ {[%clk 0:05:33]} 46. Ke3 {[%clk 0:00:19]} f5
{[%clk 0:05:36]} 47. Kf3 {[%clk 0:00:19]} h4 {[%clk 0:04:56]} 48. g4
{[%clk 0:00:14]} f4 {[%clk 0:04:57]} 49. Kf2 {[%clk 0:00:12]} Kd4
{[%clk 0:05:00]} 0-1

[Event "MCR mladeze v rapidu 2019"]
[Site "Trest"]
[Date "2019.09.08"]
[Round "7"]
[White "Brezikova, Beata"]
[Black "Day, Sophia Olivia"]
[Result "1-0"]
[BlackElo "1159"]
[WhiteElo "1189"]
[LiveChessVersion "1.4.8"]

1. e4 {[%clk 0:20:08]} e5 {[%clk 0:20:08]} 2. Nf3 {[%clk 0:20:11]} Nc6
{[%clk 0:20:11]} 3. Nc3 {[%clk 0:20:12]} Nf6 {[%clk 0:20:12]} 4. Bb5
{[%clk 0:20:13]} Bc5 {[%clk 0:19:39]} 5. O-O {[%clk 0:19:49]} O-O
{[%clk 0:19:14]} 6. d3 {[%clk 0:19:35]} Re8 {[%clk 0:18:56]} 7. Bg5
{[%clk 0:19:22]} h6 {[%clk 0:18:37]} 8. Bh4 {[%clk 0:19:07]} a6 {[%clk 0:17:57]}
9. Ba4 {[%clk 0:18:24]} b5 {[%clk 0:16:42]} 10. Bb3 {[%clk 0:18:16]} Be7
{[%clk 0:16:38]} 11. Re1 {[%clk 0:17:01]} d6 {[%clk 0:16:21]} 12. h3
{[%clk 0:16:05]} Rb8 {[%clk 0:15:22]} 13. a3 {[%clk 0:14:56]} Bb7
{[%clk 0:12:57]} 14. Rb1 {[%clk 0:11:34]} Qd7 {[%clk 0:09:24]} 15. Qd2
{[%clk 0:09:05]} Nh5 {[%clk 0:06:39]} 16. Bxe7 {[%clk 0:07:47]} Nxe7
{[%clk 0:05:15]} 17. Re3 {[%clk 0:05:46]} Ng6 {[%clk 0:04:49]} 18. Nd5
{[%clk 0:03:25]} Bxd5 {[%clk 0:04:29]} 19. Bxd5 {[%clk 0:03:09]} Qe7
{[%clk 0:04:26]} 20. Rc1 {[%clk 0:01:31]} Qf6 {[%clk 0:03:49]} 21. Nh2
{[%clk 0:00:07]} Ngf4 {[%clk 0:03:32]} 22. Kf1 {[%clk 0:00:06]} Qg5
{[%clk 0:03:13]} 23. f3 {[%clk 0:00:10]} Qg3 {[%clk 0:02:33]} 24. Ng4
{[%clk 0:00:08]} Kh8 {[%clk 0:01:40]} 25. b4 {[%clk 0:00:06]} Rbc8
{[%clk 0:01:20]} 26. Bxf7 {[%clk 0:00:08]} Rf8 {[%clk 0:01:16]} 27. Bd5 Nxd5
{[%clk 0:01:13]} 28. exd5 {[%clk 0:00:13]} Rce8 {[%clk 0:00:44]} 29. Rd1
{[%clk 0:00:07]} Nf6 {[%clk 0:00:32]} 30. Nxf6 {[%clk 0:00:07]} Rxf6
{[%clk 0:00:30]} 31. Rc1 {[%clk 0:00:06]} Rg6 {[%clk 0:00:17]} 32. Re2
{[%clk 0:00:08]} 1-0

[Event "MCR mladeze v rapidu 2019"]
[Site "Trest"]
[Date "2019.09.08"]
[Round "8"]
[White "Mach, Petr"]
[Black "Pribyl, Viktor"]
[Result "1/2-1/2"]
[BlackElo "1859"]
[WhiteElo "1911"]
[LiveChessVersion "1.4.8"]

1. Nf3 {[%clk 0:20:08]} Nf6 {[%clk 0:20:06]} 2. c4 {[%clk 0:20:12]} g6
{[%clk 0:20:09]} 3. Nc3 {[%clk 0:20:12]} d5 {[%clk 0:20:13]} 4. d4
{[%clk 0:19:41]} Bg7 {[%clk 0:20:15]} 5. cxd5 {[%clk 0:19:35]} Nxd5
{[%clk 0:20:18]} 6. e4 {[%clk 0:19:39]} Nxc3 {[%clk 0:20:22]} 7. bxc3
{[%clk 0:19:43]} c5 {[%clk 0:20:16]} 8. Rb1 {[%clk 0:19:47]} O-O {[%clk 0:19:45]}
9. Be2 {[%clk 0:19:51]} Nc6 {[%clk 0:19:45]} 10. d5 {[%clk 0:19:55]} Ne5
{[%clk 0:19:25]} 11. Nxe5 {[%clk 0:19:51]} Bxe5 {[%clk 0:19:29]} 12. c4
{[%clk 0:19:55]} Qa5+ {[%clk 0:18:06]} 13. Bd2 {[%clk 0:19:57]} Qxa2
{[%clk 0:18:03]} 14. O-O {[%clk 0:19:03]} f5 {[%clk 0:15:31]} 15. Be3
{[%clk 0:17:59]} fxe4 {[%clk 0:14:21]} 16. Bxc5 {[%clk 0:17:52]} Rf7
{[%clk 0:12:21]} 1/2-1/2

[Event "MCR mladeze v rapidu 2019"]
[Site "Trest"]
[Date "2019.09.08"]
[Round "8"]
[White "Frank, Adam"]
[Black "Vojta, Jakub"]
[Result "1/2-1/2"]
[BlackElo "2086"]
[WhiteElo "2371"]
[LiveChessVersion "1.4.8"]

1. e4 Nf6 2. e5 Nd5 3. c4 Nb6 4. d4 d6 5. exd6 cxd6 6. Bd3 g6 7. Nc3 Bg7 8. Nge2
Nc6 9. Be3 O-O 10. O-O e5 11. d5 Ne7 12. Rc1 f5 13. f3 Nd7 14. b4 Nf6 15. Bb1 Kh8
16. Qb3 f4 17. Bf2 g5 18. c5 g4 19. cxd6 Nf5 20. Ne4 Nxe4 21. Bxe4 Nxd6 22. Bc5
Rf6 23. Qd3 Rh6 24. Bxd6 Qxd6 25. Bf5 Bxf5 26. Qxf5 Rf8 27. Rc8 Rhf6 28. Rxf8+
Bxf8 29. Qe4 Qb6+ 30. Kh1 Qe3 31. Qc4 gxf3 32. Rxf3 Qd2 33. Nc3 Rg6 34. Qe2 Qxe2
35. Nxe2 Bxb4 36. g3 Ra6 37. gxf4 Rxa2 38. Ng3 exf4 39. Rxf4 Bd6 40. Rf7 Bxg3 41.
hxg3 Rd2 42. Rxb7 1/2-1/2

[Event "MCR mladeze v rapidu 2019"]
[Site "Trest"]
[Date "2019.09.08"]
[Round "8"]
[White "Dudek, Vojtech"]
[Black "Soucek, Petr"]
[Result "1-0"]
[BlackElo "1900"]
[WhiteElo "1983"]
[LiveChessVersion "1.4.8"]

1. d4 {[%clk 0:20:07]} Nf6 {[%clk 0:20:08]} 2. Bf4 {[%clk 0:20:10]} c5
{[%clk 0:19:56]} 3. e3 {[%clk 0:20:12]} d5 {[%clk 0:19:31]} 4. c3
{[%clk 0:20:14]} Nc6 {[%clk 0:19:34]} 5. Nd2 {[%clk 0:20:09]} Qb6
{[%clk 0:18:17]} 6. Qb3 {[%clk 0:20:12]} Bf5 {[%clk 0:18:13]} 7. Qxb6
{[%clk 0:19:33]} axb6 {[%clk 0:18:07]} 8. Ngf3 {[%clk 0:18:55]} c4
{[%clk 0:18:08]} 9. Be2 {[%clk 0:17:14]} e6 {[%clk 0:18:10]} 10. O-O
{[%clk 0:16:54]} Be7 {[%clk 0:18:03]} 11. Nh4 {[%clk 0:16:39]} Bg4
{[%clk 0:17:18]} 12. f3 {[%clk 0:15:06]} Bh5 {[%clk 0:13:54]} 13. g4
{[%clk 0:15:08]} Bg6 {[%clk 0:13:30]} 14. Nxg6 {[%clk 0:15:11]} hxg6
{[%clk 0:13:33]} 15. b3 {[%clk 0:15:12]} b5 {[%clk 0:13:12]} 16. a4
{[%clk 0:14:34]} bxa4 {[%clk 0:10:30]} 17. bxc4 {[%clk 0:14:29]} dxc4
{[%clk 0:10:02]} 18. Nxc4 {[%clk 0:13:59]} Nd5 {[%clk 0:09:52]} 19. Rfc1
{[%clk 0:11:11]} g5 {[%clk 0:08:59]} 20. Bg3 {[%clk 0:09:57]} f5 {[%clk 0:06:20]}
21. gxf5 {[%clk 0:07:15]} exf5 {[%clk 0:06:16]} 22. e4 {[%clk 0:07:16]} Nf4
{[%clk 0:05:06]} 23. Bxf4 {[%clk 0:07:11]} gxf4 {[%clk 0:05:07]} 24. d5
{[%clk 0:06:51]} Na7 {[%clk 0:03:56]} 25. d6 {[%clk 0:04:45]} Bd8
{[%clk 0:03:58]} 26. Ne5 {[%clk 0:04:14]} Bf6 {[%clk 0:03:04]} 27. d7+
{[%clk 0:04:14]} Kd8 {[%clk 0:02:49]} 28. Nf7+ {[%clk 0:04:15]} Kxd7
{[%clk 0:02:51]} 29. Nxh8 {[%clk 0:04:17]} Rxh8 {[%clk 0:02:54]} 30. Rxa4
{[%clk 0:04:15]} Nc6 {[%clk 0:02:55]} 31. exf5 {[%clk 0:03:52]} Ne7
{[%clk 0:02:43]} 32. Rd1+ {[%clk 0:03:36]} Kc6 {[%clk 0:02:36]} 33. Rxf4
{[%clk 0:03:30]} Be5 {[%clk 0:02:14]} 34. Rc4+ {[%clk 0:03:29]} Kb6
{[%clk 0:02:03]} 35. f4 {[%clk 0:03:27]} Bf6 {[%clk 0:01:50]} 36. Rb1+
{[%clk 0:03:22]} Ka7 {[%clk 0:01:50]} 37. Bf3 {[%clk 0:03:17]} Rb8
{[%clk 0:01:29]} 38. Ra4# 1-0

[Event "MCR mladeze v rapidu 2019"]
[Site "Trest"]
[Date "2019.09.08"]
[Round "8"]
[White "Stalmach, Richard"]
[Black "Jun, Rudolf"]
[Result "1-0"]
[BlackElo "2209"]
[WhiteElo "1858"]
[LiveChessVersion "1.4.8"]

1. Nf3 {[%clk 0:20:09]} Nf6 {[%clk 0:20:05]} 2. g3 {[%clk 0:20:13]} g6
{[%clk 0:20:09]} 3. Bg2 {[%clk 0:20:17]} Bg7 {[%clk 0:20:14]} 4. d3
{[%clk 0:20:21]} O-O {[%clk 0:20:17]} 5. O-O {[%clk 0:20:24]} d6 {[%clk 0:20:22]}
6. e4 {[%clk 0:20:28]} e5 {[%clk 0:20:26]} 7. Nc3 {[%clk 0:20:26]} Nc6
{[%clk 0:20:17]} 8. Be3 {[%clk 0:19:36]} Be6 {[%clk 0:20:21]} 9. h3
{[%clk 0:19:37]} h6 {[%clk 0:20:25]} 10. Kh2 {[%clk 0:19:40]} Kh7
{[%clk 0:20:29]} 11. Ne2 {[%clk 0:19:36]} d5 {[%clk 0:19:14]} 12. exd5
{[%clk 0:17:47]} Nxd5 {[%clk 0:19:00]} 13. Bc5 {[%clk 0:17:20]} Re8
{[%clk 0:19:00]} 14. c4 {[%clk 0:16:28]} Ndb4 {[%clk 0:17:25]} 15. Ne1
{[%clk 0:11:42]} Na6 {[%clk 0:17:01]} 16. Be3 {[%clk 0:11:38]} Rb8 17. a3
{[%clk 0:11:04]} Nd4 {[%clk 0:16:38]} 18. b4 {[%clk 0:11:06]} c6 {[%clk 0:16:36]}
19. Nxd4 {[%clk 0:10:52]} exd4 {[%clk 0:16:39]} 20. Bf4 {[%clk 0:10:56]} Rc8
{[%clk 0:16:36]} 21. Rb1 {[%clk 0:10:24]} b5 {[%clk 0:16:17]} 22. cxb5
{[%clk 0:09:49]} Nb8 {[%clk 0:15:36]} 23. Bxb8 {[%clk 0:09:44]} Rxb8
{[%clk 0:15:40]} 24. bxc6 {[%clk 0:09:47]} Bd5 {[%clk 0:15:43]} 25. Bxd5
{[%clk 0:09:25]} Qxd5 {[%clk 0:15:46]} 26. Qf3 {[%clk 0:09:29]} Qxf3
{[%clk 0:14:53]} 27. Nxf3 {[%clk 0:09:33]} Rec8 {[%clk 0:14:44]} 28. b5
{[%clk 0:09:27]} Rb6 {[%clk 0:14:35]} 29. a4 {[%clk 0:09:07]} a6 {[%clk 0:14:37]}
30. Nd2 {[%clk 0:08:25]} axb5 {[%clk 0:14:39]} 31. axb5 {[%clk 0:08:29]} Rcb8
{[%clk 0:14:22]} 32. c7 {[%clk 0:08:33]} Rc8 {[%clk 0:14:25]} 33. Nc4
{[%clk 0:08:37]} 1-0

[Event "MCR mladeze v rapidu 2019"]
[Site "Trest"]
[Date "2019.09.08"]
[Round "8"]
[White "Markova, Karolina"]
[Black "Sulcova, Tereza Radmila"]
[Result "0-1"]
[BlackElo "1580"]
[WhiteElo "1518"]
[LiveChessVersion "1.4.8"]

1. e4 {[%clk 0:20:08]} e6 {[%clk 0:20:08]} 2. d4 {[%clk 0:20:10]} d5
{[%clk 0:20:11]} 3. Nc3 {[%clk 0:20:14]} Nf6 {[%clk 0:20:12]} 4. Bg5
{[%clk 0:20:18]} Be7 {[%clk 0:20:07]} 5. e5 {[%clk 0:20:21]} Nfd7
{[%clk 0:20:11]} 6. Bxe7 {[%clk 0:20:24]} Qxe7 {[%clk 0:20:14]} 7. f4
{[%clk 0:20:19]} c5 {[%clk 0:20:12]} 8. Nf3 {[%clk 0:20:19]} Nc6 {[%clk 0:20:07]}
9. Be2 {[%clk 0:20:06]} O-O {[%clk 0:20:00]} 10. O-O {[%clk 0:20:07]} f6
{[%clk 0:19:41]} 11. Kh1 {[%clk 0:11:17]} fxe5 {[%clk 0:18:46]} 12. fxe5
{[%clk 0:11:20]} cxd4 {[%clk 0:18:42]} 13. Nxd4 {[%clk 0:11:14]} Ndxe5
{[%clk 0:17:21]} 14. Nxc6 {[%clk 0:10:45]} Nxc6 {[%clk 0:17:22]} 15. Bd3
{[%clk 0:09:42]} Bd7 {[%clk 0:16:27]} 16. Qh5 {[%clk 0:08:58]} g6
{[%clk 0:16:01]} 17. Qe2 {[%clk 0:08:15]} Rae8 {[%clk 0:13:27]} 18. Rae1
{[%clk 0:08:12]} Qg7 {[%clk 0:12:38]} 19. Qd2 {[%clk 0:05:46]} Rxf1+
{[%clk 0:10:24]} 20. Rxf1 {[%clk 0:05:49]} Rf8 {[%clk 0:10:28]} 21. Re1
{[%clk 0:05:36]} Qf7 {[%clk 0:10:16]} 22. h3 {[%clk 0:04:29]} Nb4
{[%clk 0:08:46]} 23. Rf1 {[%clk 0:03:55]} Qe8 {[%clk 0:08:37]} 24. Re1
{[%clk 0:03:35]} Nxd3 {[%clk 0:08:20]} 25. Qxd3 {[%clk 0:03:29]} Qf7
{[%clk 0:08:18]} 26. Qe3 {[%clk 0:00:57]} Qf2 {[%clk 0:07:52]} 27. Qxf2
{[%clk 0:00:36]} Rxf2 {[%clk 0:07:55]} 28. Re2 {[%clk 0:00:25]} Rxe2
{[%clk 0:07:55]} 29. Nxe2 {[%clk 0:00:29]} Kf7 {[%clk 0:07:58]} 30. Kg1
{[%clk 0:00:28]} Kf6 {[%clk 0:07:59]} 31. Kf2 {[%clk 0:00:31]} e5
{[%clk 0:07:58]} 32. c3 {[%clk 0:00:31]} Bb5 {[%clk 0:07:59]} 33. g4
{[%clk 0:00:13]} Bxe2 {[%clk 0:07:17]} 34. Kxe2 {[%clk 0:00:17]} Kg5
{[%clk 0:07:20]} 35. Kf3 {[%clk 0:00:19]} a6 {[%clk 0:06:39]} 36. Kg3
{[%clk 0:00:20]} h6 {[%clk 0:06:25]} 37. h4+ {[%clk 0:00:20]} Kf6
{[%clk 0:06:29]} 38. Kf3 {[%clk 0:00:19]} g5 {[%clk 0:06:26]} 39. h5
{[%clk 0:00:16]} e4+ {[%clk 0:06:22]} 40. Ke3 {[%clk 0:00:12]} Ke5
{[%clk 0:06:24]} 41. b4 {[%clk 0:00:07]} b6 {[%clk 0:06:04]} 42. a4
{[%clk 0:00:07]} Kd6 {[%clk 0:05:49]} 43. Kd4 {[%clk 0:00:07]} Kc6
{[%clk 0:05:32]} 0-1

[Event "MCR mladeze v rapidu 2019"]
[Site "Trest"]
[Date "2019.09.08"]
[Round "8"]
[White "Voriskova, Anna"]
[Black "Stastna, Martina"]
[Result "0-1"]
[BlackElo "1657"]
[WhiteElo "1591"]
[LiveChessVersion "1.4.8"]

1. e4 {[%clk 0:20:03]} e5 {[%clk 0:20:08]} 2. Nf3 {[%clk 0:20:04]} Nc6
{[%clk 0:20:10]} 3. Bb5 {[%clk 0:19:55]} a6 {[%clk 0:20:11]} 4. Bxc6
{[%clk 0:19:57]} dxc6 {[%clk 0:20:12]} 5. d3 {[%clk 0:20:01]} Bd6
{[%clk 0:20:01]} 6. Be3 {[%clk 0:19:57]} Nf6 {[%clk 0:19:58]} 7. Nbd2
{[%clk 0:19:40]} Be6 {[%clk 0:19:36]} 8. Qe2 {[%clk 0:19:38]} Qe7
{[%clk 0:18:51]} 9. O-O {[%clk 0:19:12]} O-O {[%clk 0:18:30]} 10. Rad1
{[%clk 0:19:08]} Nd7 {[%clk 0:17:51]} 11. d4 {[%clk 0:18:53]} exd4
{[%clk 0:17:38]} 12. Nxd4 {[%clk 0:18:55]} Ne5 {[%clk 0:17:20]} 13. Nxe6
{[%clk 0:18:30]} Qxe6 {[%clk 0:16:59]} 14. Bd4 {[%clk 0:17:25]} Qg4
{[%clk 0:15:54]} 15. Qxg4 {[%clk 0:15:12]} Nxg4 {[%clk 0:15:57]} 16. h3
{[%clk 0:14:33]} Ne5 {[%clk 0:15:52]} 17. f4 {[%clk 0:13:59]} Nd7
{[%clk 0:15:47]} 18. Nb3 {[%clk 0:12:53]} f6 {[%clk 0:15:08]} 19. c4
{[%clk 0:11:17]} c5 {[%clk 0:14:29]} 20. Bf2 {[%clk 0:10:22]} Rfe8
{[%clk 0:13:01]} 21. Rfe1 {[%clk 0:09:48]} Rad8 {[%clk 0:12:38]} 22. e5
{[%clk 0:09:03]} fxe5 {[%clk 0:12:03]} 23. fxe5 {[%clk 0:09:06]} Rxe5
{[%clk 0:11:16]} 24. Rxe5 {[%clk 0:08:39]} Nxe5 {[%clk 0:11:07]} 25. Nxc5
{[%clk 0:08:08]} Nxc4 {[%clk 0:10:34]} 26. b3 {[%clk 0:06:49]} Na5
{[%clk 0:10:17]} 27. b4 {[%clk 0:06:43]} Nc6 {[%clk 0:10:07]} 28. Nxb7
{[%clk 0:06:34]} Bh2+ {[%clk 0:09:31]} 29. Kxh2 {[%clk 0:06:31]} Rxd1
{[%clk 0:09:34]} 30. a3 {[%clk 0:06:17]} Rd3 {[%clk 0:09:32]} 31. Bg3
{[%clk 0:06:03]} Rxa3 {[%clk 0:09:09]} 32. Bxc7 {[%clk 0:06:05]} Nxb4
{[%clk 0:08:43]} 33. Bd6 {[%clk 0:06:08]} Rb3 {[%clk 0:08:45]} 34. Na5
{[%clk 0:06:04]} Rb1 {[%clk 0:08:40]} 35. Nc4 {[%clk 0:05:54]} Nd5
{[%clk 0:08:30]} 36. Ne5 {[%clk 0:05:50]} a5 {[%clk 0:08:14]} 37. Nc4
{[%clk 0:05:52]} a4 {[%clk 0:08:12]} 38. Na3 {[%clk 0:05:50]} Nc3
{[%clk 0:08:05]} 39. Be5 {[%clk 0:05:39]} Rb3 {[%clk 0:08:01]} 0-1

[Event "MCR mladeze v rapidu 2019"]
[Site "Trest"]
[Date "2019.09.08"]
[Round "8"]
[White "Vankova, Marie"]
[Black "Trasakova, Adela"]
[Result "0-1"]
[BlackElo "1656"]
[WhiteElo "1476"]
[LiveChessVersion "1.4.8"]

1. e4 {[%clk 0:20:11]} c6 2. d4 {[%clk 0:20:11]} d5 {[%clk 0:20:12]} 3. exd5
{[%clk 0:20:15]} cxd5 {[%clk 0:20:15]} 4. Bd3 {[%clk 0:20:19]} Nc6
{[%clk 0:20:18]} 5. c3 {[%clk 0:20:22]} Qc7 {[%clk 0:20:19]} 6. h3
{[%clk 0:20:15]} Nf6 {[%clk 0:20:10]} 7. Nf3 {[%clk 0:20:18]} g6 {[%clk 0:20:10]}
8. O-O {[%clk 0:20:18]} Bf5 {[%clk 0:20:10]} 9. Bxf5 {[%clk 0:20:18]} gxf5
{[%clk 0:20:10]} 10. Re1 {[%clk 0:20:18]} e6 {[%clk 0:20:10]} 11. Nbd2
{[%clk 0:20:18]} Bd6 {[%clk 0:20:10]} 12. Re2 {[%clk 0:20:18]} O-O-O
{[%clk 0:20:10]} 13. a4 {[%clk 0:19:01]} Rdg8 {[%clk 0:17:33]} 14. Qe1
{[%clk 0:18:36]} Ne4 {[%clk 0:16:35]} 15. Nf1 {[%clk 0:16:58]} h5
{[%clk 0:15:06]} 16. h4 {[%clk 0:16:43]} Rg6 {[%clk 0:14:12]} 17. Ng5
{[%clk 0:15:55]} Rhg8 {[%clk 0:13:17]} 18. g3 Qd7 {[%clk 0:12:45]} 19. Bd2
{[%clk 0:14:03]} f6 {[%clk 0:12:04]} 20. Nxe4 {[%clk 0:14:06]} fxe4
{[%clk 0:11:57]} 21. b3 {[%clk 0:13:33]} Rg4 {[%clk 0:10:42]} 22. Kh1
{[%clk 0:12:58]} Qg7 {[%clk 0:10:21]} 23. Ne3 {[%clk 0:11:55]} Rg6
{[%clk 0:09:20]} 24. Nf1 {[%clk 0:11:34]} Ne7 {[%clk 0:09:03]} 25. c4
{[%clk 0:10:46]} Nf5 {[%clk 0:08:12]} 26. cxd5 {[%clk 0:08:57]} exd5 27. Rc1+
{[%clk 0:08:37]} Kb8 {[%clk 0:07:16]} 28. Rc3 Nxh4 {[%clk 0:05:30]} 29. Nh2
{[%clk 0:08:15]} Nf5 {[%clk 0:05:30]} 30. Kg2 {[%clk 0:08:15]} Nxd4
{[%clk 0:03:58]} 31. Ree3 {[%clk 0:05:01]} Nf5 {[%clk 0:03:48]} 32. Re2 d4 33.
Rc4 {[%clk 0:04:52]} e3 {[%clk 0:03:45]} 34. Bc1 {[%clk 0:04:23]} d3
{[%clk 0:03:07]} 35. Rb2 {[%clk 0:03:31]} exf2 36. Rxf2 {[%clk 0:02:52]} Rxg3+
{[%clk 0:03:02]} 0-1

[Event "MCR mladeze v rapidu 2019"]
[Site "Trest"]
[Date "2019.09.08"]
[Round "8"]
[White "Hosova, Sandra"]
[Black "Nagyova, Daniela"]
[Result "1-0"]
[BlackElo "1467"]
[WhiteElo "1581"]
[LiveChessVersion "1.4.8"]

1. Nf3 Nf6 2. d4 e6 3. Bf4 b6 4. e3 Bb7 5. Bd3 Be7 6. Nbd2 d5 7. O-O O-O 8. c3 c5
9. dxc5 bxc5 10. c4 Nc6 11. Qc2 Nb4 12. Qb1 Nxd3 13. Qxd3 h6 14. Qb3 Bc8 15. Rac1
Nh5 16. Be5 Bd6 17. cxd5 Rb8 18. Qc3 exd5 19. b3 Bxe5 20. Qxe5 Bg4 21. Rxc5 Nf6
22. Rcc1 Re8 23. Qd4 Bxf3 24. Nxf3 Re7 25. Ne5 Qb6 26. Nc6 Re4 27. Qxb6 Rxb6 28.
Nxa7 Ra6 29. Nb5 Rb4 30. Nc3 d4 31. exd4 Rxd4 32. h3 Rd2 33. Ra1 Rc2 34. Rfc1 Rb2
35. Na4 Rd2 36. a3 Re6 37. Re1 Rb6 38. Nxb6 1-0